[Event "Iran Women Ch.2016"]
[Site "Tehran"]
[Date "2016.01.20"]
[Round "7.5"]
[White "Kalantari, Sedigheh"]
[Black "Afshar, Niusha"]
[Result "1/2-1/2"]
[BlackElo "1961"]
[WhiteElo "1958"]
[LiveChessVersion "1.4.7"]

1. e4 {[%clk 1:30:56]} c5 {[%clk 1:30:16]} 2. Nf3 {[%clk 1:31:17]} e6
{[%clk 1:30:32]} 3. d4 {[%clk 1:31:41]} cxd4 4. Nxd4 {[%clk 1:32:04]} Nf6
{[%clk 1:31:20]} 5. Nc3 {[%clk 1:32:09]} d6 {[%clk 1:30:22]} 6. Bg5
{[%clk 1:28:44]} Be7 {[%clk 1:29:51]} 7. Qd2 {[%clk 1:28:07]} a6 {[%clk 1:27:49]}
8. O-O-O {[%clk 1:23:17]} O-O {[%clk 1:25:42]} 9. f4 {[%clk 1:19:03]} b5
{[%clk 1:17:57]} 10. e5 {[%clk 1:16:41]} dxe5 {[%clk 1:16:54]} 11. fxe5
{[%clk 1:16:48]} Nfd7 {[%clk 1:08:20]} 12. Bxe7 {[%clk 1:08:38]} Qxe7
{[%clk 1:08:44]} 13. Qf4 {[%clk 1:07:57]} Bb7 {[%clk 0:58:04]} 14. Ne4
{[%clk 1:06:22]} f6 {[%clk 0:50:07]} 15. exf6 {[%clk 1:00:34]} Nxf6
{[%clk 0:50:31]} 16. Nxf6+ {[%clk 0:59:07]} Rxf6 {[%clk 0:50:27]} 17. Qh4
{[%clk 0:58:35]} Nd7 {[%clk 0:46:28]} 18. Bd3 {[%clk 0:57:34]} Nf8
{[%clk 0:45:59]} 19. Rde1 {[%clk 0:48:27]} Qd6 {[%clk 0:37:15]} 20. Rhf1
{[%clk 0:39:02]} Rh6 {[%clk 0:31:54]} 21. Qf2 {[%clk 0:38:52]} Rf6
{[%clk 0:31:50]} 22. Qh4 {[%clk 0:37:14]} Rh6 {[%clk 0:31:02]} 23. Qf2
{[%clk 0:37:38]} Rf6 {[%clk 0:31:29]} 24. Qh4 {[%clk 0:36:30]} Rh6
{[%clk 0:31:37]} 1/2-1/2

[Event "Iran Women Ch.2016"]
[Site "Tehran"]
[Date "2016.01.20"]
[Round "7.6"]
[White "Hakimifard, Ghazal"]
[Black "Hamedi Nia, Vesal"]
[Result "1-0"]
[BlackElo "1833"]
[WhiteElo "2181"]
[LiveChessVersion "1.4.7"]

1. e4 {[%clk 1:30:57]} c5 {[%clk 1:30:51]} 2. Nf3 {[%clk 1:31:22]} e6
{[%clk 1:31:17]} 3. d4 {[%clk 1:31:48]} cxd4 4. Nxd4 {[%clk 1:32:15]} a6
{[%clk 1:32:09]} 5. Nc3 {[%clk 1:32:36]} Qc7 {[%clk 1:32:24]} 6. g3
{[%clk 1:33:01]} b5 {[%clk 1:32:23]} 7. Bg2 {[%clk 1:33:22]} Bb7 {[%clk 1:32:47]}
8. O-O {[%clk 1:33:40]} Nc6 {[%clk 1:32:24]} 9. Re1 {[%clk 1:28:58]} Bc5
{[%clk 1:23:59]} 10. Nb3 {[%clk 1:23:19]} Bb4 {[%clk 1:20:48]} 11. a4
{[%clk 1:18:05]} Bxc3 {[%clk 1:14:06]} 12. bxc3 {[%clk 1:18:29]} bxa4
{[%clk 1:09:16]} 13. Rxa4 {[%clk 1:15:56]} d6 {[%clk 1:07:42]} 14. c4
{[%clk 1:12:17]} Nge7 {[%clk 1:05:49]} 15. c5 {[%clk 1:04:47]} dxc5
{[%clk 1:03:32]} 16. Nxc5 {[%clk 1:05:05]} O-O {[%clk 1:00:56]} 17. e5
{[%clk 1:03:38]} Rfd8 {[%clk 0:57:49]} 18. Qh5 {[%clk 1:03:35]} Ng6
{[%clk 0:50:13]} 19. Bg5 {[%clk 1:00:44]} Rdc8 {[%clk 0:46:54]} 20. Qd1
{[%clk 0:52:00]} h6 {[%clk 0:43:54]} 21. Bc1 {[%clk 0:49:28]} Nd8
{[%clk 0:33:16]} 22. Nxb7 {[%clk 0:48:37]} Nxb7 {[%clk 0:33:08]} 23. Ba3
{[%clk 0:39:18]} Rd8 {[%clk 0:27:14]} 24. Qe2 {[%clk 0:37:34]} Rac8
{[%clk 0:18:00]} 25. Rxa6 {[%clk 0:36:48]} Nc5 {[%clk 0:17:52]} 26. Rc6
{[%clk 0:34:54]} Qa5 {[%clk 0:17:58]} 27. Rxc8 {[%clk 0:32:22]} Rxc8
{[%clk 0:18:23]} 28. Bb2 {[%clk 0:31:29]} Nd7 {[%clk 0:17:11]} 29. Rc1
{[%clk 0:25:16]} Ndxe5 {[%clk 0:15:09]} 30. c4 {[%clk 0:25:22]} Qc5
{[%clk 0:15:18]} 31. Be4 {[%clk 0:24:23]} Rb8 {[%clk 0:13:47]} 32. Kf1
{[%clk 0:21:06]} h5 {[%clk 0:04:16]} 33. Rc2 {[%clk 0:15:09]} f5 {[%clk 0:01:49]}
34. Bg2 {[%clk 0:14:39]} Kf7 {[%clk 0:01:52]} 35. Rc1 {[%clk 0:12:07]} Rd8
{[%clk 0:01:39]} 36. Bxe5 {[%clk 0:11:14]} Qxe5 {[%clk 0:01:52]} 37. Qxh5
{[%clk 0:10:58]} Qb2 {[%clk 0:01:11]} 38. Rd1 {[%clk 0:07:19]} Rd2
{[%clk 0:01:08]} 39. Rxd2 {[%clk 0:06:54]} Qxd2 {[%clk 0:01:35]} 40. Kg1
{[%clk 0:07:23]} Qc1+ {[%clk 0:01:19]} 41. Bf1 {[%clk 0:07:52]} Qc3
{[%clk 0:01:35]} 42. h4 {[%clk 0:06:59]} Qb3 {[%clk 0:01:21]} 43. Qe2
{[%clk 0:07:00]} Qc3 {[%clk 0:01:35]} 44. Qd3 {[%clk 0:07:17]} Qxd3
{[%clk 0:01:30]} 45. Bxd3 {[%clk 0:07:46]} Ne5 {[%clk 0:01:51]} 46. Be2
{[%clk 0:07:43]} Nd7 {[%clk 0:02:07]} 47. f3 {[%clk 0:07:09]} e5 {[%clk 0:01:47]}
48. Kf2 {[%clk 0:07:30]} Ke6 {[%clk 0:02:13]} 49. Ke3 {[%clk 0:07:31]} Nc5
{[%clk 0:02:15]} 50. Bf1 {[%clk 0:06:23]} g6 {[%clk 0:01:23]} 51. Bh3
{[%clk 0:06:31]} e4 {[%clk 0:00:53]} 52. f4 {[%clk 0:03:18]} Kd6 {[%clk 0:00:37]}
53. g4 {[%clk 0:03:27]} fxg4 {[%clk 0:00:42]} 54. Bxg4 {[%clk 0:03:51]} Ke7
{[%clk 0:00:58]} 55. Kd4 {[%clk 0:03:40]} Kd6 {[%clk 0:01:13]} 56. Bh3
{[%clk 0:03:31]} Nb3+ {[%clk 0:00:47]} 57. Kxe4 {[%clk 0:03:42]} Nd2+
{[%clk 0:00:46]} 58. Kd3 {[%clk 0:03:14]} Nf3 {[%clk 0:01:05]} 59. h5
{[%clk 0:03:15]} gxh5 {[%clk 0:01:33]} 60. Ke3 {[%clk 0:03:12]} Nh4
{[%clk 0:01:18]} 61. Ke4 {[%clk 0:03:02]} Kc5 {[%clk 0:01:21]} 62. Bf1
{[%clk 0:03:12]} Kb4 {[%clk 0:00:53]} 63. f5 {[%clk 0:03:27]} Kc5
{[%clk 0:00:56]} 64. Be2 {[%clk 0:02:51]} Nxf5 {[%clk 0:00:39]} 65. Kxf5
{[%clk 0:03:16]} h4 {[%clk 0:00:57]} 66. Kg4 1-0

[Event "Iran Women Ch.2016"]
[Site "Tehran"]
[Date "2016.01.20"]
[Round "7.7"]
[White "Mahdian, Anousha"]
[Black "Asadi, Motahare"]
[Result "0-1"]
[BlackElo "1833"]
[WhiteElo "1811"]
[LiveChessVersion "1.4.7"]

1. d4 d5 {[%clk 1:30:17]} 2. c4 {[%clk 1:31:16]} e6 {[%clk 1:30:41]} 3. Nc3
{[%clk 1:31:42]} Nf6 {[%clk 1:31:05]} 4. cxd5 {[%clk 1:32:08]} exd5
{[%clk 1:31:28]} 5. Bg5 {[%clk 1:32:31]} Nbd7 {[%clk 1:31:51]} 6. e3
{[%clk 1:32:53]} Be7 {[%clk 1:32:16]} 7. Bd3 {[%clk 1:33:13]} O-O
{[%clk 1:32:39]} 8. Qc2 {[%clk 1:33:32]} c6 {[%clk 1:33:03]} 9. Nf3
{[%clk 1:33:57]} Re8 {[%clk 1:33:22]} 10. O-O {[%clk 1:34:10]} Nf8
{[%clk 1:33:34]} 11. h3 {[%clk 1:34:35]} Ng6 {[%clk 1:33:41]} 12. Bxf6 gxf6
{[%clk 1:29:43]} 13. Bf5 {[%clk 1:24:27]} Kh8 {[%clk 1:29:15]} 14. h4
{[%clk 1:12:01]} Bd6 {[%clk 1:21:18]} 15. g3 {[%clk 0:57:39]} Qc7
{[%clk 1:19:02]} 16. Kg2 {[%clk 0:56:49]} Rg8 {[%clk 1:17:15]} 17. Bxc8
{[%clk 0:50:30]} Qxc8 {[%clk 1:16:30]} 18. h5 {[%clk 0:45:22]} Ne7
{[%clk 1:13:58]} 19. Rh1 {[%clk 0:45:08]} Nf5 {[%clk 1:09:10]} 20. Rae1
{[%clk 0:35:21]} Nxg3 {[%clk 0:52:47]} 21. fxg3 {[%clk 0:34:07]} Rxg3+
{[%clk 0:53:09]} 22. Kf2 {[%clk 0:27:00]} Qg4 {[%clk 0:53:02]} 23. Nh4
{[%clk 0:22:43]} Rh3 {[%clk 0:49:49]} 24. Rxh3 {[%clk 0:20:28]} Qxh3
{[%clk 0:50:11]} 25. Ke2 {[%clk 0:08:26]} Qxh4 {[%clk 0:50:09]} 26. Qf5
{[%clk 0:08:39]} Rg8 {[%clk 0:50:15]} 27. Rf1 {[%clk 0:07:43]} Rg2+
{[%clk 0:50:23]} 28. Kd3 {[%clk 0:06:23]} Kg7 {[%clk 0:49:39]} 29. b3
{[%clk 0:04:19]} Qg5 {[%clk 0:49:06]} 30. Qd7 {[%clk 0:03:37]} Bb4
{[%clk 0:48:01]} 31. Ne2 {[%clk 0:03:01]} Qxh5 {[%clk 0:48:10]} 32. Nc3
{[%clk 0:01:40]} Bxc3 {[%clk 0:48:05]} 33. Kxc3 {[%clk 0:01:44]} Qe2
{[%clk 0:48:28]} 34. Kb4 {[%clk 0:01:20]} Qb5+ {[%clk 0:48:04]} 35. Kc3
{[%clk 0:01:43]} Qa5+ {[%clk 0:48:29]} 0-1

[Event "Iran Women Ch.2016"]
[Site "Tehran"]
[Date "2016.01.20"]
[Round "7.8"]
[White "Karimi, Yeganeh"]
[Black "Hakimifard, Raana"]
[Result "0-1"]
[BlackElo "2073"]
[WhiteElo "1971"]
[LiveChessVersion "1.4.7"]

1. e4 {[%clk 1:30:38]} e5 {[%clk 1:30:56]} 2. d4 {[%clk 1:31:00]} exd4
{[%clk 1:31:20]} 3. Nf3 Nc6 {[%clk 1:30:47]} 4. Bc4 {[%clk 1:31:05]} Bc5
{[%clk 1:17:03]} 5. c3 {[%clk 1:29:20]} Nf6 {[%clk 1:12:43]} 6. O-O
{[%clk 1:12:33]} Nxe4 {[%clk 0:57:56]} 7. Re1 {[%clk 1:08:41]} d5
{[%clk 0:58:12]} 8. Ng5 {[%clk 1:06:40]} O-O {[%clk 0:50:33]} 9. Rxe4
{[%clk 0:55:36]} dxc4 {[%clk 0:38:06]} 10. Qh5 {[%clk 0:38:08]} Bf5
{[%clk 0:34:40]} 11. Rh4 {[%clk 0:33:38]} Bg6 {[%clk 0:34:13]} 12. Qf3
{[%clk 0:31:32]} Be7 {[%clk 0:32:52]} 13. Qg3 {[%clk 0:25:16]} h6
{[%clk 0:29:50]} 14. Nf3 {[%clk 0:18:16]} Bxh4 {[%clk 0:27:39]} 15. Nxh4
{[%clk 0:18:44]} Qf6 {[%clk 0:27:19]} 16. Bf4 {[%clk 0:16:52]} Rfe8
{[%clk 0:24:29]} 17. Nd2 {[%clk 0:17:06]} dxc3 {[%clk 0:24:46]} 18. bxc3
{[%clk 0:17:23]} Rad8 {[%clk 0:24:47]} 19. Nxc4 {[%clk 0:14:30]} Rd3
{[%clk 0:21:49]} 20. Ne3 {[%clk 0:14:58]} Qxc3 {[%clk 0:20:29]} 21. Rf1
{[%clk 0:15:09]} Kh7 {[%clk 0:15:28]} 22. Nf3 {[%clk 0:12:08]} Nd4
{[%clk 0:14:24]} 23. Nxd4 {[%clk 0:12:32]} Qxd4 {[%clk 0:14:53]} 24. Bxc7
{[%clk 0:12:25]} Ra3 {[%clk 0:14:39]} 25. h4 {[%clk 0:10:19]} Rxa2
{[%clk 0:14:10]} 26. Kh2 {[%clk 0:08:57]} Ra4 {[%clk 0:13:33]} 27. Kg1
{[%clk 0:08:44]} Qxh4 {[%clk 0:13:50]} 28. Qd6 {[%clk 0:09:06]} Qg5
{[%clk 0:12:08]} 29. Rd1 {[%clk 0:08:52]} Ra2 {[%clk 0:11:33]} 30. Qb4
{[%clk 0:07:44]} Rxe3 {[%clk 0:11:03]} 0-1

[Event "Iran Women Ch.2016"]
[Site "Tehran"]
[Date "2016.01.20"]
[Round "7.9"]
[White "Jafari, Golnaz"]
[Black "Asgarizadeh, Minoo"]
[Result "0-1"]
[BlackElo "2167"]
[WhiteElo "1909"]
[LiveChessVersion "1.4.7"]

1. e4 {[%clk 1:30:43]} c5 {[%clk 1:30:33]} 2. Nf3 {[%clk 1:31:07]} e6 3. Nc3
{[%clk 1:31:28]} Nc6 {[%clk 1:30:49]} 4. Bb5 {[%clk 1:31:41]} Qc7
{[%clk 1:29:00]} 5. O-O {[%clk 1:31:42]} Nf6 {[%clk 1:10:42]} 6. Re1
{[%clk 1:31:50]} a6 {[%clk 1:06:47]} 7. Bxc6 {[%clk 1:32:02]} bxc6
{[%clk 1:02:05]} 8. d3 {[%clk 1:26:23]} e5 {[%clk 0:54:16]} 9. h3
{[%clk 1:21:55]} d6 {[%clk 0:50:49]} 10. Ne2 {[%clk 1:18:47]} g6 {[%clk 0:51:03]}
11. Ng3 {[%clk 1:15:06]} Bg7 {[%clk 0:51:14]} 12. Be3 {[%clk 1:14:49]} Rb8
{[%clk 0:42:25]} 13. b3 {[%clk 1:13:11]} h5 {[%clk 0:40:59]} 14. Bg5
{[%clk 1:02:28]} Nh7 {[%clk 0:40:38]} 15. Be3 {[%clk 1:00:31]} Nf8
{[%clk 0:39:06]} 16. Rb1 {[%clk 0:51:14]} Ne6 {[%clk 0:37:54]} 17. c3
{[%clk 0:45:44]} h4 {[%clk 0:32:50]} 18. Ne2 {[%clk 0:34:59]} d5 {[%clk 0:30:08]}
19. Ng5 {[%clk 0:30:32]} d4 {[%clk 0:21:45]} 20. Nxe6 {[%clk 0:29:47]} Bxe6
{[%clk 0:22:09]} 21. cxd4 {[%clk 0:28:33]} cxd4 {[%clk 0:22:16]} 22. Bd2
{[%clk 0:28:04]} O-O {[%clk 0:19:48]} 23. Qc2 {[%clk 0:18:20]} f5
{[%clk 0:19:04]} 24. f4 {[%clk 0:16:39]} Qd7 {[%clk 0:19:00]} 25. exf5
{[%clk 0:11:14]} Bxf5 {[%clk 0:18:24]} 26. fxe5 {[%clk 0:09:56]} Bxe5
{[%clk 0:14:43]} 27. Bf4 {[%clk 0:09:28]} Bg7 {[%clk 0:14:26]} 28. Bxb8
{[%clk 0:07:34]} Rxb8 {[%clk 0:14:36]} 29. Nf4 {[%clk 0:07:31]} Bh6
{[%clk 0:13:14]} 30. Qc4+ {[%clk 0:07:18]} Kh8 {[%clk 0:12:32]} 31. Rf1
{[%clk 0:04:52]} Qd6 {[%clk 0:13:01]} 32. Ne2 {[%clk 0:04:34]} Be3+
{[%clk 0:13:13]} 33. Kh1 {[%clk 0:04:53]} Re8 {[%clk 0:08:49]} 34. Ng1
{[%clk 0:05:00]} Be6 {[%clk 0:08:24]} 35. Qc2 {[%clk 0:04:44]} Bd5
{[%clk 0:07:03]} 36. Nf3 {[%clk 0:05:13]} Qg3 {[%clk 0:07:23]} 37. Qe2
{[%clk 0:04:36]} g5 {[%clk 0:06:45]} 38. Ng1 {[%clk 0:03:01]} Kg7
{[%clk 0:05:07]} 39. Rf3 0-1

[Event "Iran Women Ch.2016"]
[Site "Tehran"]
[Date "2016.01.20"]
[Round "7.11"]
[White "Ghazizadeh, Asana"]
[Black "Lotfi, Aylar"]
[Result "1-0"]
[BlackElo "1973"]
[WhiteElo "1864"]
[LiveChessVersion "1.4.7"]

1. d4 Nf6 2. c4 c5 3. d5 b5 4. cxb5 a6 5. bxa6 g6 6. Nc3 Bxa6 7. Nf3 Bg7 8. e4
Bxf1 9. Kxf1 d6 10. g3 O-O 11. Kg2 Nbd7 12. a4 Qa5 13. Bd2 Rfb8 14. Nb5 Qb6 15.
Re1 Ng4 16. Bc3 Nde5 17. Nxe5 Nxe5 18. f4 Nd7 19. Bxg7 Kxg7 20. e5 Qd8 21. b3 Nb6
22. exd6 exd6 23. Qd3 Qd7 24. Rad1 Kg8 25. Qc3 Qd8 26. Re3 c4 27. a5 Nxd5 28.
Rxd5 cxb3 29. Qxb3 Rxa5 30. Qd3 Qc8 31. Nxd6 Qc6 32. Ree5 f6 33. Ne4 Ra2+ 34. Kh3
fxe5 35. Rd8+ Kg7 36. Rxb8 h5 37. Rg8+ Kxg8 38. Qd8+ Kg7 39. Qe7+ Kh8 40. Qf8+
Ra3 1-0

[Event "Iran Women Ch.2016"]
[Site "Tehran"]
[Date "2016.01.20"]
[Round "7.12"]
[White "Davoodi, Yasaman"]
[Black "Khachatourians, Teni"]
[Result "1-0"]
[BlackElo "1771"]
[WhiteElo "1844"]
[LiveChessVersion "1.4.7"]

1. d4 Nf6 2. c4 g6 3. Nc3 d5 4. e3 Bg7 5. Bd3 c5 6. dxc5 Nc6 7. Nge2 Qa5 8. Nd4
Ne5 9. Nb3 Nxd3+ 10. Qxd3 dxc4 11. Qxc4 Qd8 12. O-O O-O 13. Rd1 Qc7 14. Nb5 Qe5
15. N3d4 Bg4 16. Re1 Rfc8 17. b4 a5 18. Bb2 axb4 19. Rec1 Qh5 20. c6 bxc6 21.
Nxc6 Bf8 22. Qxb4 e5 23. Qd2 Bd7 24. Nba7 Re8 25. Qa5 Qh4 26. Bxe5 Bxc6 27. Rxc6
Bb4 28. Bxf6 Qe4 29. Qc7 Rxa7 30. Qxa7 Qxc6 31. Qd4 Rc8 32. Qb2 Bf8 33. h3 Qd6
34. Be5 Qe6 35. Bd4 Be7 36. a4 Qf5 37. Qb5 Qe4 38. Qe5 Qxe5 39. Bxe5 f6 40. Bd4
Kf7 41. a5 Bd6 42. a6 Ra8 43. a7 Be5 44. Bxe5 fxe5 45. Ra6 Ke7 46. h4 Kf7 47. g4
Kg7 48. Kg2 e4 49. Kg3 1-0

[Event "Iran Women Ch.2016"]
[Site "Tehran"]
[Date "2016.01.22"]
[Round "8.1"]
[White "Khademalsharieh, Sarasadat"]
[Black "Hakimifard, Ghazal"]
[Result "1-0"]
[BlackElo "2181"]
[WhiteElo "2392"]
[LiveChessVersion "1.4.7"]

1. d4 {[%clk 1:25:20]} Nf6 {[%clk 1:30:52]} 2. c4 {[%clk 1:25:39]} e6
{[%clk 1:31:16]} 3. Nf3 {[%clk 1:25:57]} Nc6 {[%clk 1:31:17]} 4. Nc3
{[%clk 1:23:40]} Bb4 {[%clk 1:31:07]} 5. Qc2 {[%clk 1:22:50]} d5 {[%clk 1:31:01]}
6. a3 {[%clk 1:16:23]} Bxc3+ {[%clk 1:31:15]} 7. Qxc3 {[%clk 1:16:42]} Ne4
{[%clk 1:31:11]} 8. Qc2 {[%clk 1:05:36]} e5 {[%clk 1:29:31]} 9. e3
{[%clk 0:57:32]} Bf5 {[%clk 1:27:23]} 10. Bd3 {[%clk 0:47:13]} exd4
{[%clk 1:27:01]} 11. O-O {[%clk 0:45:54]} Bg6 {[%clk 1:26:52]} 12. exd4
{[%clk 0:41:16]} O-O {[%clk 1:26:42]} 13. b4 {[%clk 0:38:45]} Re8
{[%clk 1:11:23]} 14. c5 {[%clk 0:36:47]} a6 {[%clk 1:02:02]} 15. Bb2
{[%clk 0:35:53]} Ng5 {[%clk 0:58:14]} 16. Ne5 {[%clk 0:35:59]} Bxd3
{[%clk 0:54:39]} 17. Qxd3 {[%clk 0:36:19]} Qf6 {[%clk 0:53:19]} 18. Rae1
{[%clk 0:32:59]} Ne7 {[%clk 0:50:25]} 19. Bc1 {[%clk 0:23:20]} Ne6
{[%clk 0:47:54]} 20. f4 {[%clk 0:15:43]} Qf5 {[%clk 0:46:33]} 21. Qd1
{[%clk 0:14:48]} h5 {[%clk 0:44:19]} 22. Nf3 {[%clk 0:12:12]} Ng6
{[%clk 0:30:58]} 23. Ne5 {[%clk 0:12:25]} Ne7 {[%clk 0:29:36]} 24. Nf3
{[%clk 0:12:45]} Qh7 {[%clk 0:24:32]} 25. Re5 {[%clk 0:12:18]} Rad8
{[%clk 0:22:26]} 26. Ng5 {[%clk 0:11:33]} Nxg5 {[%clk 0:21:37]} 27. Rxg5
{[%clk 0:11:50]} Qe4 {[%clk 0:19:21]} 28. Re1 {[%clk 0:10:19]} Qb1
{[%clk 0:18:56]} 29. Rge5 {[%clk 0:10:18]} Kf8 {[%clk 0:18:32]} 30. Qe2
{[%clk 0:10:24]} Rd7 {[%clk 0:17:44]} 31. Qxh5 {[%clk 0:10:25]} f6
{[%clk 0:17:49]} 32. R5e3 {[%clk 0:07:15]} Qa1 {[%clk 0:15:39]} 33. Qd1
{[%clk 0:05:37]} Red8 {[%clk 0:14:02]} 34. Qe2 {[%clk 0:05:48]} Re8
{[%clk 0:10:45]} 35. Bb2 {[%clk 0:06:06]} Qa2 {[%clk 0:11:14]} 36. Rc3
{[%clk 0:06:23]} Rdd8 {[%clk 0:10:44]} 37. Ra1 {[%clk 0:06:41]} Qxa1+
{[%clk 0:11:09]} 38. Bxa1 {[%clk 0:07:06]} Nf5 {[%clk 0:11:38]} 39. Qd1
{[%clk 0:05:30]} Re4 {[%clk 0:11:38]} 40. Rf3 {[%clk 0:05:52]} Rde8
{[%clk 0:11:58]} 41. Bc3 {[%clk 0:06:17]} Ne3 {[%clk 0:11:50]} 42. Qd3
{[%clk 0:06:17]} Nc4 {[%clk 0:11:47]} 43. a4 {[%clk 0:06:07]} Re2
{[%clk 0:11:57]} 44. h4 {[%clk 0:05:12]} R8e4 {[%clk 0:12:01]} 45. h5
{[%clk 0:05:10]} Ra2 {[%clk 0:11:38]} 46. Rg3 {[%clk 0:04:56]} Ra3
{[%clk 0:10:57]} 47. Qf3 {[%clk 0:03:08]} Nd2 {[%clk 0:08:08]} 48. Bxd2
{[%clk 0:03:31]} Rxf3 {[%clk 0:08:37]} 49. Rxf3 {[%clk 0:03:54]} Rxd4
{[%clk 0:09:04]} 50. Bc3 {[%clk 0:04:18]} Rc4 {[%clk 0:09:33]} 51. Kf2
{[%clk 0:04:22]} d4 {[%clk 0:09:43]} 52. Bd2 {[%clk 0:04:48]} a5 {[%clk 0:10:08]}
53. bxa5 {[%clk 0:05:07]} Rxc5 {[%clk 0:10:36]} 54. Bb4 {[%clk 0:05:31]} 1-0

[Event "Iran Women Ch.2016"]
[Site "Tehran"]
[Date "2016.01.22"]
[Round "8.2"]
[White "Alavi, Homa"]
[Black "Pourkashiyan, Atousa"]
[Result "0-1"]
[BlackElo "2338"]
[WhiteElo "1935"]
[LiveChessVersion "1.4.7"]

1. d4 {[%clk 1:30:58]} d5 {[%clk 1:26:11]} 2. Nf3 {[%clk 1:29:19]} Nf6
{[%clk 1:26:33]} 3. c4 {[%clk 1:29:32]} dxc4 {[%clk 1:26:53]} 4. g3
{[%clk 1:29:38]} c5 {[%clk 1:25:21]} 5. Bg2 {[%clk 1:25:49]} Nc6 {[%clk 1:22:26]}
6. Qa4 {[%clk 1:18:28]} cxd4 {[%clk 1:15:09]} 7. Nxd4 {[%clk 1:16:27]} Qxd4
{[%clk 1:06:33]} 8. Bxc6+ {[%clk 1:16:49]} Bd7 {[%clk 0:57:05]} 9. Bxd7+
{[%clk 1:17:11]} Qxd7 {[%clk 0:57:14]} 10. Qxc4 {[%clk 1:15:30]} Rc8
{[%clk 0:55:41]} 11. Qf4 {[%clk 1:15:53]} Nd5 {[%clk 0:43:26]} 12. Qd2
{[%clk 1:15:06]} Qh3 {[%clk 0:38:49]} 13. Qxd5 {[%clk 1:10:39]} Rxc1+
{[%clk 0:37:03]} 14. Kd2 {[%clk 1:11:08]} Rc6 {[%clk 0:34:23]} 15. Ke1 e6
{[%clk 0:30:08]} 16. Qb5 {[%clk 1:04:04]} Qg2 {[%clk 0:28:31]} 17. Rf1
{[%clk 1:04:08]} a6 {[%clk 0:27:57]} 18. Qg5 {[%clk 0:59:27]} Bb4+
{[%clk 0:24:40]} 19. Nd2 {[%clk 0:54:52]} Rc2 {[%clk 0:22:30]} 20. Qxg7
{[%clk 0:48:45]} Rxd2 {[%clk 0:16:44]} 21. a3 {[%clk 0:28:57]} Rxe2+
{[%clk 0:14:29]} 22. Kxe2 {[%clk 0:29:09]} Qe4+ {[%clk 0:14:56]} 23. Kd1
{[%clk 0:29:32]} Qd3+ {[%clk 0:15:24]} 24. Kc1 {[%clk 0:29:48]} Bd2+
{[%clk 0:15:52]} 0-1

[Event "Iran Women Ch.2016"]
[Site "Tehran"]
[Date "2016.01.22"]
[Round "8.3"]
[White "Alinasab, Mobina"]
[Black "Hejazipour, Mitra"]
[Result "1-0"]
[BlackElo "2357"]
[WhiteElo "2112"]
[LiveChessVersion "1.4.7"]

1. e4 {[%clk 1:30:57]} c5 {[%clk 1:21:22]} 2. Nf3 {[%clk 1:31:20]} Nc6
{[%clk 1:21:10]} 3. d4 {[%clk 1:31:36]} cxd4 {[%clk 1:21:37]} 4. Nxd4
{[%clk 1:32:00]} g6 {[%clk 1:22:02]} 5. c4 {[%clk 1:31:41]} Bg7 {[%clk 1:22:11]}
6. Be3 {[%clk 1:32:09]} Nf6 {[%clk 1:22:01]} 7. Nc3 {[%clk 1:32:20]} d6
{[%clk 1:22:01]} 8. Be2 {[%clk 1:32:32]} O-O {[%clk 1:22:25]} 9. O-O
{[%clk 1:32:25]} Bd7 {[%clk 1:21:51]} 10. Qd2 {[%clk 1:32:37]} Ng4
{[%clk 1:17:09]} 11. Bxg4 {[%clk 1:32:47]} Bxg4 {[%clk 1:17:37]} 12. f3
{[%clk 1:33:15]} Bd7 {[%clk 1:17:34]} 13. Rac1 {[%clk 1:32:27]} Ne5
{[%clk 0:56:12]} 14. b3 {[%clk 1:32:25]} a6 {[%clk 0:55:54]} 15. h3
{[%clk 1:25:48]} Rc8 {[%clk 0:39:31]} 16. f4 {[%clk 1:22:17]} Nc6
{[%clk 0:39:59]} 17. Rfd1 {[%clk 1:18:52]} Nxd4 {[%clk 0:33:30]} 18. Bxd4
{[%clk 1:19:19]} b5 {[%clk 0:27:57]} 19. Bxg7 {[%clk 1:18:11]} Kxg7
{[%clk 0:28:26]} 20. Qd4+ {[%clk 1:18:37]} f6 {[%clk 0:27:07]} 21. e5
{[%clk 1:11:09]} bxc4 {[%clk 0:25:21]} 22. exd6 {[%clk 1:08:03]} exd6
{[%clk 0:25:49]} 23. bxc4 {[%clk 1:04:32]} Bf5 {[%clk 0:22:54]} 24. g4
{[%clk 1:00:10]} Be6 {[%clk 0:21:57]} 25. Ne4 {[%clk 0:52:44]} d5
{[%clk 0:18:05]} 26. Nc5 {[%clk 0:51:37]} Bg8 {[%clk 0:16:57]} 27. cxd5
{[%clk 0:51:49]} Qd6 {[%clk 0:17:15]} 28. g5 {[%clk 0:48:14]} Rce8
{[%clk 0:11:38]} 29. gxf6+ {[%clk 0:42:19]} Rxf6 {[%clk 0:08:36]} 30. Ne4
{[%clk 0:41:11]} Rxe4 {[%clk 0:08:59]} 31. Qxe4 {[%clk 0:41:39]} Rxf4
{[%clk 0:09:18]} 32. Qe3 {[%clk 0:41:12]} Rf5 {[%clk 0:08:50]} 33. Rc6
{[%clk 0:39:30]} Qd8 {[%clk 0:08:55]} 34. d6 {[%clk 0:31:22]} Qf6
{[%clk 0:05:02]} 35. Rc7+ {[%clk 0:23:32]} Bf7 {[%clk 0:03:10]} 36. d7
{[%clk 0:22:35]} Rg5+ {[%clk 0:02:13]} 37. Kh2 {[%clk 0:21:35]} Re5
{[%clk 0:02:03]} 38. Qd2 {[%clk 0:17:01]} Rd5 {[%clk 0:00:45]} 39. Qxd5
{[%clk 0:13:27]} Qf4+ {[%clk 0:01:04]} 40. Kg1 {[%clk 0:13:48]} Qe3+
{[%clk 0:01:10]} 41. Kf1 {[%clk 0:14:00]} Qf4+ {[%clk 0:01:11]} 42. Ke2
{[%clk 0:14:12]} Qh2+ {[%clk 0:01:02]} 43. Ke3 {[%clk 0:14:14]} Bxd5
{[%clk 0:00:37]} 44. d8=Q+ {[%clk 0:14:29]} 1-0

[Event "Iran Women Ch.2016"]
[Site "Tehran"]
[Date "2016.01.22"]
[Round "8.5"]
[White "Hashemi, Seyede Fatemeh"]
[Black "Kalantari, Sedigheh"]
[Result "1/2-1/2"]
[BlackElo "1958"]
[WhiteElo "1812"]
[LiveChessVersion "1.4.7"]

1. e4 {[%clk 1:30:27]} c5 {[%clk 1:30:53]} 2. Nc3 {[%clk 1:30:36]} a6
{[%clk 1:31:08]} 3. f4 {[%clk 1:30:31]} e6 {[%clk 1:31:32]} 4. Nf3
{[%clk 1:29:12]} Nc6 {[%clk 1:32:01]} 5. d4 {[%clk 1:27:43]} cxd4
{[%clk 1:32:30]} 6. Nxd4 {[%clk 1:28:03]} Nxd4 {[%clk 1:32:58]} 7. Qxd4
{[%clk 1:27:59]} b5 {[%clk 1:33:19]} 8. Be2 {[%clk 1:21:37]} Bb7 {[%clk 1:33:13]}
9. a3 {[%clk 1:18:49]} Rc8 {[%clk 1:32:40]} 10. Be3 {[%clk 1:16:14]} Nf6
{[%clk 1:28:05]} 11. Bf3 {[%clk 1:12:54]} Bc5 {[%clk 1:10:23]} 12. Qd3
{[%clk 1:09:53]} Bxe3 {[%clk 1:05:02]} 13. Qxe3 {[%clk 1:09:59]} d6
{[%clk 1:03:05]} 14. O-O {[%clk 1:05:36]} O-O {[%clk 0:59:01]} 15. Kh1
{[%clk 1:02:07]} d5 {[%clk 0:56:10]} 16. Rad1 {[%clk 0:57:57]} Qc7
{[%clk 0:46:32]} 17. exd5 {[%clk 0:48:59]} exd5 {[%clk 0:44:43]} 18. Qe5
{[%clk 0:40:45]} Qc4 {[%clk 0:40:51]} 19. Qd4 {[%clk 0:37:35]} Qc7
{[%clk 0:32:35]} 20. Qe5 {[%clk 0:25:08]} Qc4 {[%clk 0:27:41]} 21. Qd4
{[%clk 0:25:04]} Qc7 {[%clk 0:26:24]} 22. Rfe1 Rfd8 23. Re5 Rf8 24. Ree1 Rfe8 25.
Re5 Red8 26. Be4 dxe4 1/2-1/2